Lankybox song quiz - Statistics

General Stats
  • This quiz has been taken 193 times
  • The average score is 37 of 48
Answer Stats
Question Tile Select % Correct
Piggy’s chasing us And i flying around No
89%
Piggy’s chasing us Idc No
89%
Piggy’s chasing us Jk No
89%
Piggy’s chasing us O No
89%
Piggy’s chasing us Ship No
89%
Piggy’s chasing us Bonnie freddy No
88%
Piggy’s chasing us No No
87%
Piggy’s chasing us Oooooooooo No
87%
Piggy’s chasing us Can i see whats in your basement No
86%
Piggy’s chasing us Poley No
85%
Piggy’s chasing us And i hope i dont die No
84%
Piggy’s chasing us And im getting that speed No
84%
Give bunny a carrot and I No
82%
Give bunny a carrot and No No
80%
Give bunny a carrot and She will hang herself No
80%
Piggy’s chasing us And im getting that rush Yes
79%
Give bunny a carrot and Flamenco No
79%
Give bunny a carrot and Happy gotta be No
79%
Give bunny a carrot and Horror No
79%
Give bunny a carrot and Justie No
79%
Give bunny a carrot and Mrp No
79%
Give bunny a carrot and Ok No
79%
Give bunny a carrot and Ow my knee No
79%
Piggy’s chasing us Piggy scary No
79%
Piggy’s chasing us Pizza No
79%
Give bunny a carrot and Shortcut No
79%
Me me Emz No
78%
Me me Kill No
78%
Me me Km No
78%
Me me Ok No
77%
Me me Angry No
76%
Give bunny a carrot and Bunny No
76%
Give bunny a carrot and I gotta eat some donuts No
76%
Give bunny a carrot and Piggy lonely No
76%
Me me Piggy angry No
75%
Me me Poley No
75%
Me me Ioooou No
74%
Me me Mimi No
74%
Piggy’s chasing us Donuts No
73%
Give bunny a carrot and From the house to the school No
73%
Give bunny a carrot and Bunny will start dancing to Yes
72%
Me me I got to run No
72%
Me me I gotta eat some bacon No
71%
Me me Meme No
68%
Me me Memememememememe No
68%
Me me Me No
65%
Me me Memememe No
62%
Me me Me me Yes
26%
No matching quizzes found
Score Distribution
Percent of People with Each Score
Percentile by Number Answered
Your Score History
You have not taken this quiz